International Journal of Obstetrics and Gynaecological Nursing (Record no. 1897)
[ view plain ]
| 000 -LEADER | |
|---|---|
| Fixed length control field | 00644nas a22002177a 4500 |
| 003 - CONTROL NUMBER IDENTIFIER | |
| Control field | IIN |
| 005 - DATE AND TIME OF LATEST TRANSACTION | |
| Control field | 20260519163425.0 |
| 008 - FIXED-LENGTH DATA ELEMENTS--GENERAL INFORMATION | |
| Fixed length control field | 260519c2019 |||gr|j| |||| 00| 0 eng d |
| 022 ## - INTERNATIONAL STANDARD SERIAL NUMBER / ISSN | |
| International Standard Serial Number | 2664-2298 |
| 022 ## - INTERNATIONAL STANDARD SERIAL NUMBER / ISSN | |
| International Standard Serial Number | 2664-2301 (E-ISSN) |
| 040 ## - CATALOGING SOURCE | |
| Original cataloging agency | IIN |
| 245 ## - TITLE STATEMENT | |
| Title | International Journal of Obstetrics and Gynaecological Nursing |
| Statement of responsibility | edited by Saima Afroz |
| 260 ## - IMPRINT | |
| Place of publication | Delhi |
| Name of publisher | Comprehensive Publication |
| Date of publication | 2019- |
| 300 ## - PHYSICAL DESCRIPTION | |
| Page / Vol. No | Vol. 1, No.1 |
| 310 ## - CURRENT PUBLICATION FREQUENCY | |
| Current publication frequency | Bi-annual |
| Date of current publication frequency | January, July |
| 650 ## - SUBJECT ADDED ENTRY--TOPICAL TERM | |
| Topical term | Obstetrics |
| General subdivision | Nursing |
| 650 ## - SUBJECT ADDED ENTRY--TOPICAL TERM | |
| Topical term | Gynaecological |
| General subdivision | Nursing |
| 700 ## - ADDED ENTRY--PERSONAL NAME | |
| Personal name | Afroz, Saima (ed) |
| 856 ## - ELECTRONIC LOCATION AND ACCESS | |
| Uniform Resource Identifier | https://doi.org/10.33545/26642298 |
| 942 ## - ADDED ENTRY ELEMENTS (KOHA) | |
| Koha item type | Serials |
No items available.
